<?xml version="1.0" encoding="UTF-8"?><?xml-stylesheet type="text/xsl" href="static/style.xsl"?><OAI-PMH xmlns="http://www.openarchives.org/OAI/2.0/" xmlns:xsi="http://www.w3.org/2001/XMLSchema-instance" xsi:schemaLocation="http://www.openarchives.org/OAI/2.0/ http://www.openarchives.org/OAI/2.0/OAI-PMH.xsd"><responseDate>2026-06-01T02:20:10Z</responseDate><request verb="GetRecord" identifier="oai:riuma.uma.es:10630/35296" metadataPrefix="marc">https://riuma.uma.es/rest/oai/request</request><GetRecord><record><header><identifier>oai:riuma.uma.es:10630/35296</identifier><datestamp>2026-02-03T11:13:14Z</datestamp><setSpec>com_10630_2254</setSpec><setSpec>col_10630_37953</setSpec></header><metadata><record xmlns="http://www.loc.gov/MARC21/slim" xmlns:dcterms="http://purl.org/dc/terms/" xmlns:doc="http://www.lyncode.com/xoai" xmlns:xsi="http://www.w3.org/2001/XMLSchema-instance" xsi:schemaLocation="http://www.loc.gov/MARC21/slim http://www.loc.gov/standards/marcxml/schema/MARC21slim.xsd">
   <leader>00925njm 22002777a 4500</leader>
   <datafield ind2=" " ind1=" " tag="042">
      <subfield code="a">dc</subfield>
   </datafield>
   <datafield ind2=" " ind1=" " tag="720">
      <subfield code="a">Sanz-Marcos, Paloma</subfield>
      <subfield code="e">author</subfield>
   </datafield>
   <datafield ind2=" " ind1=" " tag="720">
      <subfield code="a">Meléndez González-Haba, Guadalupe</subfield>
      <subfield code="e">author</subfield>
   </datafield>
   <datafield ind2=" " ind1=" " tag="720">
      <subfield code="a">Castillo-Díaz, Ana</subfield>
      <subfield code="e">author</subfield>
   </datafield>
   <datafield ind2=" " ind1=" " tag="720">
      <subfield code="a">Vergara, Enrique</subfield>
      <subfield code="e">author</subfield>
   </datafield>
   <datafield ind2=" " ind1=" " tag="260">
      <subfield code="c">2024-01-01</subfield>
   </datafield>
   <datafield ind2=" " ind1=" " tag="520">
      <subfield code="a">Este artículo analiza las publicaciones científicas sobre los influencers en las redes sociales con objeto de explorar su relación en torno a las estrategias de branding. Para ello se lleva a cabo una revisión sistemática de estos conceptos a través de una búsqueda de artículos científicos que contempla las bases de datos Web of Science y Scopus. A partir de una muestra de un total de 74 publicaciones académicas revisadas por pares se advierte que las temáticas que relacionan las estrategias de influencers con el brand management son relativamente escasas. El incipiente crecimiento de los estudios científicos sobre el marketing de influencers unido al empleo de metodologías, en su mayoría de tipo exploratorio, en redes sociales, explican una tendencia centrada en el abordaje de estos perfiles desde una perspectiva mayoritariamente interesada en esclarecer cuestiones relacionadas con la ética, determinar las técnicas persuasivas empleadas por los influencers u  observar  su  relación  con  los  públicos  desde  una  perspectiva  social.  Se  aprecia  la necesidad de continuar nutriendo una línea de investigación sólida que vincule el estudio de los influencers a las posibles implicaciones con respecto a las estrategias de marca.</subfield>
   </datafield>
   <datafield ind1="8" ind2=" " tag="024">
      <subfield code="a">Sanz-Marcos, Paloma, Guadalupe Melendez González-Haba, Ana Castillo-Díaz, y Enrique Vergara. 2024. «La investigación científica Sobre El Uso De Influencers En La gestión De Las Marcas: Estado De La cuestión». Revista ICONO 14. Revista científica De Comunicación Y Tecnologías Emergentes 22 (1). Madrid, ES:e2125. https://doi.org/10.7195/ri14.v22i1.2125</subfield>
   </datafield>
   <datafield ind1="8" ind2=" " tag="024">
      <subfield code="a">https://hdl.handle.net/10630/35296</subfield>
   </datafield>
   <datafield ind1="8" ind2=" " tag="024">
      <subfield code="a">10.7195/ri14.v22i1.2125</subfield>
   </datafield>
   <datafield tag="653" ind2=" " ind1=" ">
      <subfield code="a">Marketing en internet</subfield>
   </datafield>
   <datafield tag="653" ind2=" " ind1=" ">
      <subfield code="a">Redes sociales en Internet</subfield>
   </datafield>
   <datafield ind2="0" ind1="0" tag="245">
      <subfield code="a">La investigación científica sobre el uso de influencers en la gestión de las marcas: estado de la cuestión.</subfield>
   </datafield>
</record>
</metadata></record></GetRecord></OAI-PMH>